000
00296nam a2200145Ia 4500
100
_a
Plattt/Charles
650
_a
ELECTRONICS
942
_c
BK
245
_a
Make:electronics
260
_b
SPD
_c
2011
082
_a
621.381
_b
PLA
300
_a
334
546
_a
ENGLISH
_c
PAMPHALETS
999
_c
23280
_d
23280